Sports Quiz

Random Sports or Clickable Quiz

In which year...? Manchester United edition (clickable) Quiz Stats

 Plays Quiz not verified by Sporcle

Challenge
Share
Tweet
Embed
Score 0/35 Timer 10:00
0 Plays Today
% Correct
1999
89.5%
2011
87.2%
2014
85.7%
1878
83.1%
1958
82.8%
1968
80.6%
1986
76.8%
1991
76.2%
1993
75.2%
2004
74.4%
1941
72.9%
1956
72.5%
2002
70.4%
1966
65%
1974
64.4%
1996
63.2%
1945
63.1%
2003
60.9%
% Correct
1994
59.8%
2008
57.9%
1970
54%
1985
52.5%
1964
50%
1987
47.9%
1902
45.1%
1908
43.9%
2000
43.8%
1995
43.2%
1910
41.5%
2007
41.1%
1981
40.1%
1921
40%
1982
34.7%
1989
31.8%
1892
20.1%

You're not logged in!

Compare scores with friends on all Sporcle quizzes.
Join for Free
OR
Log In

You Might Also Like...

Show Comments

Extras

Top Quizzes Today


Score Distribution

Your Account Isn't Verified!

In order to create a playlist on Sporcle, you need to verify the email address you used during registration. Go to your Sporcle Settings to finish the process.

Report this User

Report this user for behavior that violates our Community Guidelines.

Details: